000 00553nam a22002177a 4500
003 SISC
005 20160226083706.0
008 130307t xxu||||| |||| 00| 0 eng d
020 _a9780071249980
050 _aQA152.3.
_bD837 2006
082 _aHS 512.9
_bD87 2006
100 _aDugopolski, Mark
_911543
245 _aAlgebra for College students
_c Mark Dugopolski
250 _a4th ed.
260 _aNew York
_bMcGraw Hill
_c2006
300 _a889 p.;
_c27cm
562 _e1
650 _aAlgebra.
_911545
942 _2lcc
_cBK
999 _c9721
_d9721